Informe y diagnóstico de Nicaragua sobre abstencionismo y participación /

Este documento constituye el informe abreviado del diagnóstico del nivel de abstencionismo y participación política en Nicaragua

محفوظ في:
التفاصيل البيبلوغرافية
مؤلفون مشاركون: Instituto Interamericano de Derechos Humanos, Centro de asesoría y promoción electoral
التنسيق: نص
منشور في: San José: ITDH
الموضوعات:
الوسوم: إضافة وسم
لا توجد وسوم, كن أول من يضع وسما على هذه التسجيلة!

MARC

LEADER 00000 a a2200000 04500
001 32997
003
040
090 |a 206000  
110 |a Instituto Interamericano de Derechos Humanos.  
245 |a Informe y diagnóstico de Nicaragua sobre abstencionismo y participación /  |c Instituto Interamericano de Derechos Humanos.  
260 |a San José:   |b ITDH  
300 |a 14 p.  
520 |a Este documento constituye el informe abreviado del diagnóstico del nivel de abstencionismo y participación política en Nicaragua  
650 |a NICARAGUA  
650 |a ELECCIONES  
650 |a PARTICIPACION POLITICA  
650 |a DIAGNOSTICO  
650 |a INFORMES  
710 |a Centro de asesoría y promoción electoral  
999 |c 10536  |d 10536